00378cam a2200109 i 4500020002600000100001500026245009600041250001100137260004700148300004600195490002700241 a9789866228339cNT$3001 a原,利夫10a生男生女決定寶典 : b<日本不孕症權威>大公開 c原利夫著 ; 黃薇嬪譯 a初版 a臺北市 : b采實文化, c民101[2012] a187面 : b部份彩圖, 表 ; c21公分0 a兩性學系列 ; v1.